ICC guide to incoterms 2010 : understanding and practical use.
| Main Author: | |
|---|---|
| Format: | Book |
| Published: |
Paris:
International Chamber of Commerce,
2011.
|
| Subjects: |
| LEADER | 00515cam a2200169 7i4500 | ||
|---|---|---|---|
| 001 | 0000027520 | ||
| 005 | 20120511090000.0 | ||
| 020 | 0 | 0 | |a 9789284200825 |
| 090 | 0 | 0 | |a REF 380.1 |b RAM |
| 100 | 1 | 0 | |a Ramberg |
| 245 | 1 | 0 | |a ICC guide to incoterms 2010 : |b understanding and practical use. |
| 260 | 0 | 0 | |a Paris: |b International Chamber of Commerce, |c 2011. |
| 300 | # | # | |a 216 p. |
| 650 | 0 | 0 | |a International trade |
| 650 | 0 | 0 | |a Export sales contracts |
| 650 | 0 | 0 | |a Incoterms |
| 999 | |a B000030176 |b Book |c Reference |e Business Information Centre | ||


